Statistics for Name all the Juventus players of 2019/2

Click here to take the quiz!

General Stats

  • This quiz has been taken 41 times
  • The average score is 17 of 22

Answer Stats

PositionAnswer% Correct
GKGianluigi Buffon
97%
FWCristiano Ronaldo
95%
DFAlex Sandro
92%
DFGiorgio Chiellini
92%
DFLeonardo Bonucci
92%
FWPaulo Dybala
92%
DFDanilo
87%
GKWojciech Szczesny
87%
FWJuan Cuadrado
85%
FWGonzalo Higuain
82%
MFBlaise Matuidi
79%
DFDaniele Rugani
79%
MFAdrien Rabiot
77%
MFMiralem Pjanic
77%
DFMatthijs De Ligt
74%
MFRodrigo Bentancur
72%
DFMattia De Sciglio
69%
FWDouglas Costa
62%
MFFederico Bernardeschi
59%
MFSami Khedira
59%
MFAaron Ramsey
54%
DFMerih Demiral
49%

Score Distribution

Percentile by Number Answered

Percent of People with Each Score

Your Score History

You have not taken this quiz